[Event "Rheinland-ch MAT A"]
[Site "Koblenz"]
[Date "2003.04.19"]
[Round "9"]
[White "Heidorn, Oliver"]
[Black "Melnikov, Alexandr"]
[Result "1-0"]
[WhiteElo "2125"]
[BlackElo "2020"]
[PlyCount "49"]
[EventDate "2003.04.11"]
[EventType "tourn"]
[EventRounds "9"]
[EventCountry "GER"]
[SourceTitle "EXT 2004"]
[Source "ChessBase"]
[SourceDate "2003.11.25"]
[SourceVersion "1"]
[SourceVersionDate "2003.11.25"]
[SourceQuality "1"]

1. d4 d6 2. e4 Nf6 3. Bd3 e5 4. c3 Be7 5. Ne2 Nbd7 6. 0-0 Nf8 7. Nd2 Bg4 8. Qb3 Qc8 9. h3 Bd7 10. f4 exd4 11. cxd4 Ne6 12. f5 Nd8 13. e5 dxe5 14. dxe5 Nh5 15. g4 Nc6 16. Nf3 g6 17. fxg6 hxg6 18. Ng5 Nxe5 19. Nxf7 Bc5+ 20. Kg2 Ng3 21. Kxg3 Be6 22. Qb5+ c6 23. Qxc5 Nxd3 24. Qe3 Qc7+ 25. Kg2 1-0

[Event "Rheinland-ch MAT A"]
[Site "Koblenz"]
[Date "2003.04.17"]
[Round "6"]
[White "Melnikov, Alexandr"]
[Black "Braemigk, Uwe"]
[Result "0-1"]
[WhiteElo "2020"]
[BlackElo "2088"]
[PlyCount "104"]
[EventDate "2003.04.11"]
[EventType "tourn"]
[EventRounds "9"]
[EventCountry "GER"]
[SourceTitle "EXT 2004"]
[Source "ChessBase"]
[SourceDate "2003.11.25"]
[SourceVersion "1"]
[SourceVersionDate "2003.11.25"]
[SourceQuality "1"]

1. e4 e6 2. d4 d5 3. e5 c5 4. c3 Nc6 5. Nf3 cxd4 6. cxd4 Qb6 7. Na3 Nh6 8. Bd3 Nf5 9. Bxf5 exf5 10. 0-0 Be7 11. Re1 Be6 12. Re3 h6 13. Rb3 Qc7 14. Bd2 a6 15. Rc1 0-0 16. Nc2 Qd7 17. Bb4 Nxb4 18. Nxb4 Rac8 19. Nd3 Rxc1 20. Qxc1 Rc8 21. Rc3 Rxc3 22. Qxc3 b6 23. g3 g5 24. Qc1 Qc8 25. Qd2 Kg7 26. Nfe1 Qc4 27. Qc3 Bd7 28. Kg2 a5 29. Nc1 Bb4 30. Qxc4 dxc4 31. Nc2 Bc6+ 32. Kf1 c3 33. b3 Be7 34. Ne3 Be4 35. Ke2 g4 36. d5 Bc5 37. d6 Kf8 38. Nd3 Bd4 39. Nc4 Ke8 40. a4 Kd7 41. Ne3 f6 42. exf6 Kxd6 43. Ne1 Ke6 44. N1c2 Bxf6 45. Na3 Kd6 46. Nac2 Kc5 47. Kd1 Bg5 48. Nf1 Bd3 49. h4 gxh3 50. Nh2 Be4 51. f3 Bd5 52. f4 Bf6 0-1

[Event "Rheinland-ch MAT A"]
[Site "Koblenz"]
[Date "2003.04.13"]
[Round "5"]
[White "Bilitza, Alwin"]
[Black "Melnikov, Alexandr"]
[Result "1-0"]
[WhiteElo "2021"]
[BlackElo "2020"]
[PlyCount "157"]
[EventDate "2003.04.11"]
[EventType "tourn"]
[EventRounds "9"]
[EventCountry "GER"]
[SourceTitle "EXT 2004"]
[Source "ChessBase"]
[SourceDate "2003.11.25"]
[SourceVersion "1"]
[SourceVersionDate "2003.11.25"]
[SourceQuality "1"]

1. d4 Nf6 2. Nf3 c5 3. e3 b6 4. Nbd2 Bb7 5. Bd3 g6 6. 0-0 Bg7 7. c3 0-0 8. b4 Nd5 9. bxc5 bxc5 10. Qb3 Qc7 11. Be4 e6 12. Rb1 Bc6 13. Ba3 d6 14. c4 Nf6 15. Bxc6 Qxc6 16. dxc5 dxc5 17. Ne5 Qc8 18. Qb5 Nfd7 19. Nxd7 Nxd7 20. Nb3 a6 21. Qa5 Bf6 22. Rfd1 Be7 23. Bb2 Ra7 24. Rd3 Nb8 25. Qc3 f6 26. Rbd1 Nc6 27. Qd2 Kf7 28. Bc3 Qc7 29. g3 Ne5 30. Bxe5 Qxe5 31. Na5 Rc8 32. Rb3 Rcc7 33. Rd3 Rc8 34. Rb1 Rcc7 35. Rb6 Qe4 36. Qd1 h5 37. f3 Qa8 38. Kf2 Qc8 39. Ke2 Qe8 40. Qb3 Rc8 41. Nb7 Rc6 42. Nd6+ Bxd6 43. Rxd6 Rxd6 44. Rxd6 Qc8 45. Rb6 Rd7 46. Qa4 Rd2+ 47. Kxd2 Qd8+ 48. Kc2 Qxb6 49. Qd7+ Kf8 50. a3 Kg8 51. g4 hxg4 52. fxg4 Kf8 53. h4 Qb8 54. Qxe6 Qh2+ 55. Kd3 Qxh4 56. Qxa6 Qxg4 57. Qxf6+ Kg8 58. Qd8+ Kh7 59. Qe7+ Kg8 60. Qxc5 Qd1+ 61. Ke4 Qg4+ 62. Kd5 Qf3+ 63. e4 Qd3+ 64. Kc6 Kh7 65. e5 Qf3+ 66. Kd7 Qf5+ 67. Kd8 Qd3+ 68. Kc7 Qg3 69. a4 Qf4 70. a5 Qf7+ 71. Kb6 Qe6+ 72. Kb7 Kh6 73. a6 Qf7+ 74. Kb6 Qe6+ 75. Ka5 Qh3 76. a7 Qc3+ 77. Kb6 Qb3+ 78. Kc7 Qa2 79. e6 1-0

[Event "Rheinland-ch MAT A"]
[Site "Koblenz"]
[Date "2003.04.12"]
[Round "2"]
[White "Schwertel, Johann"]
[Black "Melnikov, Alexandr"]
[Result "1-0"]
[WhiteElo "2050"]
[BlackElo "2020"]
[PlyCount "87"]
[EventDate "2003.04.11"]
[EventType "tourn"]
[EventRounds "9"]
[EventCountry "GER"]
[SourceTitle "EXT 2004"]
[Source "ChessBase"]
[SourceDate "2003.11.25"]
[SourceVersion "1"]
[SourceVersionDate "2003.11.25"]
[SourceQuality "1"]

1. d4 Nf6 2. Nf3 c5 3. c3 b6 4. e3 Bb7 5. Be2 e6 6. 0-0 Qc7 7. a4 Be7 8. Na3 0-0 9. Nb5 Qc6 10. Ne1 a6 11. Bf3 d5 12. Na3 Nbd7 13. Nc4 Qc7 14. Nd2 Rad8 15. g3 e5 16. Nc2 Ne4 17. Bg2 f5 18. Nf3 Rf6 19. Nce1 c4 20. Nxe5 Nxe5 21. dxe5 Qxe5 22. Nf3 Qc7 23. Nd4 Bd6 24. Bh3 Qf7 25. Bg2 Kh8 26. Qc2 Rg8 27. b3 g5 28. Bxe4 dxe4 29. bxc4 f4 30. g4 fxe3 31. Bxe3 Bb8 32. Ne2 Qe6 33. Ng3 h5 34. Bd4 Be5 35. gxh5 Rf3 36. Rae1 Rgf8 37. Re3 R8f4 38. Bxe5+ Qxe5 39. Qd2 Kh7 40. Qd4 Qc7 41. Rxf3 exf3 42. Qd3+ Kh8 43. Re1 Qc8 44. Re7 1-0

[Event "Rheinland-ch MAT A"]
[Site "Koblenz"]
[Date "2003.04.11"]
[Round "1"]
[White "Melnikov, Alexandr"]
[Black "Reifenroether, Michael"]
[Result "0-1"]
[WhiteElo "2020"]
[BlackElo "1833"]
[PlyCount "106"]
[EventDate "2003.04.11"]
[EventType "tourn"]
[EventRounds "9"]
[EventCountry "GER"]
[SourceTitle "EXT 2004"]
[Source "ChessBase"]
[SourceDate "2003.11.25"]
[SourceVersion "1"]
[SourceVersionDate "2003.11.25"]
[SourceQuality "1"]

1. e4 c6 2. d4 d5 3. exd5 cxd5 4. c4 Nf6 5. Nc3 e6 6. Nf3 Nc6 7. c5 Bd7 8. Bb5 Ne4 9. Bxc6 Bxc6 10. 0-0 Nxc3 11. bxc3 Be7 12. Bf4 Qa5 13. Qb3 0-0 14. a4 Bd8 15. Rfe1 Bc7 16. Be5 Bxe5 17. Nxe5 Rab8 18. Qb4 Qc7 19. a5 f6 20. Nd3 Rfe8 21. Qa3 e5 22. Nb4 e4 23. Qa2 Qf7 24. a6 Qd7 25. axb7 Rxb7 26. Qa6 Re6 27. Qa2 f5 28. Qd2 Rf6 29. Ra6 Rc7 30. Qa2 f4 31. Rxc6 Rcxc6 32. Nxd5 Rf7 33. Rxe4 Re6 34. f3 Rxe4 35. fxe4 Qg4 36. Qa4 g6 37. Qe8+ Kg7 38. Qe5+ Kh6 39. Kf2 f3 40. g3 Qh3 41. Qf4+ Rxf4 42. Nxf4 Qxh2+ 43. Kxf3 Qh1+ 44. Ke3 Qc1+ 45. Kd3 Qb1+ 46. Ke3 g5 47. Ne2 a5 48. d5 Qb5 49. c6 Qc5+ 50. Kd3 a4 51. c4 a3 52. Nc3 Qf2 53. c5 Qxc5 0-1

[Event "RSFSR-ch"]
[Site "Sverdlovsk"]
[Date "1985.??.??"]
[Round "?"]
[White "Melnikov, Alexandr"]
[Black "Dvoirys, Semen I"]
[Result "1/2-1/2"]
[WhiteElo "2330"]
[BlackElo "2450"]
[PlyCount "62"]
[EventDate "1986.06.??"]
[EventType "tourn"]
[EventRounds "17"]
[EventCountry "URS"]
[EventCategory "5"]
[SourceTitle "EXT 2015"]
[Source "ChessBase"]
[SourceDate "2014.11.20"]
[SourceVersion "1"]
[SourceVersionDate "2014.11.20"]
[SourceQuality "1"]

1. d4 Nf6 2. c4 g6 3. Nc3 d5 4. cxd5 Nxd5 5. e4 Nxc3 6. bxc3 Bg7 7. Nf3 c5 8. Rb1 0-0 9. Be2 Qa5 10. 0-0 Qxa2 11. Bg5 Nd7 12. Bxe7 Re8 13. Bd6 cxd4 14. Nxd4 Nf6 15. f3 Nd5 16. exd5 Bxd4+ 17. Qxd4 Rxe2 18. g4 b6 19. Ra1 Qd2 20. Qxd2 Rxd2 21. Rfe1 Bb7 22. c4 a5 23. Re7 Ba6 24. Rae1 h6 25. Rc7 Rc2 26. Ree7 Rxc4 27. Rxf7 Rxc7 28. Rxc7 Rd8 29. Rc6 Bb7 30. Rxb6 Bxd5 31. Be5 Kh7 1/2-1/2